000 00298nam a22001337a 4500
008 171101b xxu||||| |||| 00| 0 eng d
020 _a0130937576
041 _aeng
080 _25 ED
_a33
100 _a59
101 _aBUS
245 _aBUSUNESS DATA PROCESSING
_cAVAD.E.M
942 _2udc
_cBK
999 _c37010
_d37010